书目信息 |
| 题名: |
煤气规划设计手册
|
|
| 作者: | 邓渊主编 | |
| 分册: | ||
| 出版信息: | 北京 中国建筑工业出版社 1992.01 |
|
| 页数: | 1043页 | |
| 开本: | 16开 | |
| 丛书名: | ||
| 单 册: | ||
| 中图分类: | TU996.5-62 | |
| 科图分类: | ||
| 主题词: | 城市--煤气--供应 | |
| 电子资源: | ||
| ISBN: | 7-112-01484-0 | |
| 000 | 00498nam0 2200169 45 | |
| 001 | 0199006507 | |
| 005 | 20061225162549.59 | |
| 010 | @a7-112-01484-0@dCNY 87.50 | |
| 100 | @a19990804d km y0chiy0120 ea | |
| 101 | 0 | @achi |
| 200 | 1 | @AMEI QI GUI HUA SHE JI SHOU CE@FDENG YUAN ZHU BIAN@a煤气规划设计手册@f邓渊主编 |
| 210 | @a北京@c中国建筑工业出版社@d1992.01 | |
| 215 | @a1043页@c无图表@d16开 | |
| 606 | 0 | @a城市@x煤气@x供应 |
| 690 | @aTU996.5-62@v3 | |
| 801 | 0 | @c20061225 |
| 905 | @dTU996.5-62@eD335@f9 | |
| 煤气规划设计手册/邓渊主编.-北京:中国建筑工业出版社,1992.01 |
| 1043页:无图表;16开 |
| ISBN 7-112-01484-0:CNY 87.50 |
| ● |
| 相关链接 |
|
|
|
正题名:煤气规划设计手册
索取号:TU996.5-62/D335
 
预约/预借
| 序号 | 登录号 | 条形码 | 馆藏地/架位号 | 状态 | 备注 |
| 1 | 22903 | 200013207 | 能源与建筑环境工程学院资料室/ [索取号:TU996.5-62/D335] | 在馆 | |
| 2 | 22904 | 200013323 | 能源与建筑环境工程学院资料室/ [索取号:TU996.5-62/D335] | 在馆 | |
| 3 | 26860 | 200013243 | 能源与建筑环境工程学院资料室/ [索取号:TU996.5-62/D335] | 在馆 | |
| 4 | 26861 | 200013118 | 能源与建筑环境工程学院资料室/ [索取号:TU996.5-62/D335] | 在馆 | |
| 5 | 26862 | 200013225 | 能源与建筑环境工程学院资料室/ [索取号:TU996.5-62/D335] | 在馆 | |
| 6 | 26863 | 200013145 | 能源与建筑环境工程学院资料室/ [索取号:TU996.5-62/D335] | 在馆 | |
| 7 | 26864 | 200013109 | 能源与建筑环境工程学院资料室/ [索取号:TU996.5-62/D335] | 在馆 | |
| 8 | 36606 | 200026863 | 能源与建筑环境工程学院资料室/ [索取号:TU996.5-62/D335] | 在馆 | |
| 9 | 36607 | 200026916 | 能源与建筑环境工程学院资料室/ [索取号:TU996.5-62/D335] | 在馆 | |
| 10 | 439043 | 204390435 | 自科二线404/404自科库 7排4列5层/ [索取号:TU996.5-62/D335] | 在馆 | |
| 11 | 439044 | 204390444 | 自科二线404/404自科库 7排4列5层/ [索取号:TU996.5-62/D335] | 在馆 | |
| 12 | 444735 | 204447358 | 能源与建筑环境工程学院资料室/ [索取号:TU996.5-62/D335] | 在馆 | |
| 13 | 45490 | 200454908 | 能源与建筑环境工程学院资料室/ [索取号:TU996.5-62/D335] | 在馆 | |
| 14 | 45491 | 200454917 | 建筑库201/201建筑库 137排2列1层/ [索取号:TU996.5-62/D335] | 在馆 | |
| 15 | 46276 | 200462766 | 建筑库201/201建筑库 137排2列1层/ [索取号:TU996.5-62/D335] | 在馆 | |
| 16 | 46277 | 200462775 | 能源与建筑环境工程学院资料室/ [索取号:TU996.5-62/D335] | 在馆 | |
| 17 | 46278 | 200462784 | 能源与建筑环境工程学院资料室/ [索取号:TU996.5-62/D335] | 在馆 | |
| 18 | 47319 | 200473193 | 能源与建筑环境工程学院资料室/ [索取号:TU996.5-62/D335] | 在馆 | |
| 19 | 47320 | 200473200 | 能源与建筑环境工程学院资料室/ [索取号:TU996.5-62/D335] | 在馆 |